Экономическая теория. Введение. Макроэкономика: учебное пособие

Podrobná bibliografie
Hlavní autor: Семенихина В. А.
Korporativní autor: Сибирский институт финансов и банковского дела
Shrnutí:Исключено из фонда НТБ ТПУ
Jazyk:ruština
Vydáno: Новосибирск, Сибирский ин-т финансов и банковского дела, 1997
Médium: MixedMaterials Kniha
KOHA link:https://koha.lib.tpu.ru/cgi-bin/koha/opac-detail.pl?biblionumber=27217

MARC

LEADER 00000nam0a2200000 4500
001 27217
005 20231030202046.0
035 |a (RuTPU)RU\TPU\book\27466 
035 |a BOOK00027541 
090 |a 27217 
100 |a 20011209d1997 m y0rusy50 ca 
101 0 |a rus 
102 |a RU 
105 |a y j 000zy 
200 1 |a Экономическая теория. Введение. Макроэкономика  |e учебное пособие  |f В. А. Семенихина  |g Сибирский институт финансов и банковского дела 
210 |a Новосибирск  |c Сибирский ин-т финансов и банковского дела  |d 1997 
215 |a 108 с. 
333 |a Исключено из фонда НТБ ТПУ 
700 1 |a Семенихина  |b В. А. 
712 0 2 |a Сибирский институт финансов и банковского дела 
801 0 |a RU  |b 63413507  |c 20011209  |g PSBO 
801 2 |a RU  |b 63413507  |c 20120618  |g PSBO 
942 |c BK